| 000 | 00409 a2200157 4500 | ||
|---|---|---|---|
| 020 | _a 1840133767 | ||
| 040 | _aDLC | ||
| 082 | _a940 | ||
| 100 | _a TWE | ||
| 245 | _aPhotographic History of the 20th Century | ||
| 260 |
_aLondon : _bGrange, _c2000. |
||
| 300 |
_a608p. : _bill. ; _c31cm. |
||
| 500 | _aIncludes Index | ||
| 650 | _aHistory, Modern -- 20th century -- Pictorial works. | ||
| 942 |
_cBK _k940 TWE _2ddc |
||
| 999 |
_c4790 _d4790 |
||